| 000 | 00983nam a22002177a 4500 | ||
|---|---|---|---|
| 999 |
_c13135 _d13135 |
||
| 003 | AR-CdUCM | ||
| 008 | 190411b ||||| |||| 00| 0 spa d | ||
| 040 |
_aMUNICIPALIDAD PROVINCIAL DEL CUSCO _cBIBLIOTECA MUNICIPAL DEL CUSCO |
||
| 082 |
_a343.2519 / _bF92 |
||
| 100 |
_aFukushima, Masao _94242 |
||
| 245 | _aSobre la constitución socialista de la República Popular Democrática de Corea / | ||
| 260 |
_aPyongyang : _bEdiciones Lenguas Extranjeras, _c1975. |
||
| 300 |
_a342 páginas ; _bcuadro, _c21 cm. |
||
| 505 | _aContenido: Establecimiento de la nueva constitución socialista y su significación -- Tradiciones revolucionarias y breve historia de la constitución -- Principios socialistas de Corea y nueva constitución -- Características de la nueva constitución socialista ... | ||
| 650 |
_aDerecho constitucional _94734 |
||
| 650 |
_aCorea _91036 |
||
| 650 |
_aConstitución _92117 |
||
| 650 |
_aHistoria _9136 |
||
| 942 |
_2ddc _cLIBROS |
||
| 945 |
_aachl _d2019-04-11 |
||